Grammaire francaise : 43 exercises /

में बचाया:
ग्रंथसूची विवरण
मुख्य लेखक: Hamon, A.
स्वरूप: पुस्तक
भाषा:अंग्रेज़ी
प्रकाशित: Paris : Brodard et Taupin, 1966.
विषय:
टैग: टैग जोड़ें
कोई टैग नहीं, इस रिकॉर्ड को टैग करने वाले पहले व्यक्ति बनें!

MARC

LEADER 00000cam a22000002a 4500
001 0000008042
003 DAYSTAR
005 20171002014517.0
008 030703s1966 xx 001 0 eng d
040 |a Daystar 
040 |d jwaiganjo 
050 1 |a PC2105  |b .H36 
100 1 |a Hamon, A. 
245 1 0 |a Grammaire francaise :  |b 43 exercises /  |c A. Hamon. 
260 |a Paris :  |b Brodard et Taupin,  |c 1966. 
300 |a 175 p. 
650 0 |a French language  |x Grammar. 
908 |a 060412 
942 |c G 
952 |0 0  |1 0  |4 0  |6 PC_2105_000000000000000_H36  |7 0  |9 3316  |a DUA  |b DUA  |c GC  |d 2017-09-28  |l 0  |o PC2105.H36  |p BK016765  |r 2017-09-28 00:00:00  |w 2017-09-28  |x 60746  |y G 
999 |c 2123  |d 2123